000 01119naa a22003497a 4500
001 BR8105945
003 BR-BrBNA
005 20240918174905.0
007 ta
008 230509b bl.||||| |||| 00| 0 por d
040 _aBR-BrBNA
_bpor
_cBiblioteca Nacional de Agricultura
041 _a(Pt)
072 _aF60
_b1670
_b3801
_b3840
090 _aF60 BR8105945
100 1 _aThomaz, M. do C.
100 1 _aHaag, H.P.
100 1 _aOliveira, G.D. de
100 1 _aSarruge, J.R.
245 1 _aDeficiencia de macronutrientes e de boro em espinafre (Tetragonia expansa Mun.)[deficiencia mineral]
260 3 _aCampinas, SP (Brasil):
_c1981.
500 _aNutricao mineral em hortalicas Campinas, SP (Brasil): 1981. p. 33-82 (BR8105945-AM)F60
650 _aESPINAFRE
650 _aMACROELEMENTO
650 _aBORO
650 _aNUTRIENTE
650 _aDEFICIENCIA MINERAL
650 _aANALISE QUIMICA
650 _aCOMPOSICAO QUIMICA
773 0 _tNutricao mineral em hortalicas
_wF60 BR8105945
_gCampinas, SP (Brasil), 1981. p. 33-82
909 _a202404
_bLucia
_c55
_dLucia Elande
942 _cAM
_2AGRIS
999 _c314235
_d314235